00349nam a2200121Ia 4500008004100000041000800041082001500049100003300064245004400097250001400141260006400155300000800219231228s2011 xx 000 0 und d aeng a658.3bEDW aEDWARDS (Tony)/ REES (Chris) aInternational Human Resource Management a5th Impr. aNew DelhibPearson Education Delhi, Harlow, Singaporec2011 a330